=LDR 00000nam 2200000 4500 =001 INLIS00000000000111 =005 20260702043538 =020 ##$$a 978-623-7778-66-0 =082 ##$$a 006.584 =100 1#$$a Babauta, Leo =245 1 $$a The Effortless Life /$c Leo Babauta =300 ##$$a 112 ; 13.5 X 20